[Event "XXV Festival A"]
[Site "Arco ITA"]
[Date "2003.10.19"]
[Round "2"]
[White "Vezzosi, Paolo"]
[Black "Miatello, Alberto"]
[Result "1-0"]
[WhiteElo "2371"]
[BlackElo "2046"]
[PlyCount "97"]
[EventDate "2003.10.18"]

1.Nf3 Nf6 2.c4 g6 3.b4 Bg7 4.Bb2 O-O 5.g3 d5 6.cxd5 Nxd5 7.Bxg7 Kxg7 8.Qb3
a5 9.b5 a4 10.Qb2+ Kg8 11.Bg2 c6 12.Na3 cxb5 13.Nxb5 Nc6 14.O-O Qb6 15.
Rfb1 a3 16.Qb3 Ndb4 17.Nc3 Be6 18.Qd1 Qa5 19.d3 Rab8 20.Qd2 Kg7 21.Ne4 f6 
22.Rc1 b6 23.Nc3 Rfc8 24.Qe3 Bf7 25.Bh3 Rd8 26.Be6 Bxe6 27.Qxe6 Rd6 28.Qb3
f5 29.Nb1 Ra8 30.Nbd2 Qa4 31.Qc3+ Rf6 32.Nb3 Nd5 33.Qd2 Qb4 34.Qd1 e5 35.
Rc4 Qe7 36.Rac1 Ndb4 37.Qd2 Rd8 38.Rh4 h5 39.Qg5 Rh8 40.Rhc4 Rc8 41.Nh4 
Qf8 42.Qd2 f4 43.Rxb4 fxg3 44.Rxb6 gxf2+ 45.Kf1 Rf4 46.Rbxc6 Rxc6 47.Rxc6 
Rxh4 48.Qg5 Rxh2 49.Rc7+ 1-0

[Event "XXV Festival A"]
[Site "Arco ITA"]
[Date "2003.10.19"]
[Round "2"]
[White "Vink, Wim"]
[Black "Giuriato, Sergio"]
[Result "1-0"]
[WhiteElo "2142"]
[BlackElo "2029"]
[PlyCount "129"]
[EventDate "2003.10.18"]

1.d4 Nf6 2.c4 e6 3.Nf3 Bb4+ 4.Bd2 Qe7 5.Nc3 Bxc3 6.Bxc3 Ne4 7.Qc2 Nxc3 8.
Qxc3 d6 9.e4 O-O 10.Bd3 Nd7 11.O-O e5 12.Rfe1 Re8 13.d5 Nf6 14.Rac1 Bd7 
15.b4 c6 16.Qb2 cxd5 17.cxd5 Rec8 18.Nd2 Rxc1 19.Rxc1 Rc8 20.Rxc8+ Bxc8 
21.Qc2 Qd8 22.Nc4 Ne8 23.Qa4 a6 24.Qc2 Qc7 25.Na5 Qxc2 26.Bxc2 Kf8 27.Kf1 
Ke7 28.Ke2 Nf6 29.f3 Kd8 30.Ke3 Kc7 31.g3 Bd7 32.Bd3 Kb6 33.Nc4+ Kc7 34.
Na3 Kb6 35.Nc4+ Kc7 36.Nb2 Kb6 37.a4 Ne8 38.f4 Nf6 39.a5+ Kc7 40.Be2 Ne8 
41.h4 Kd8 42.f5 Nc7 43.g4 f6 44.g5 Ke7 45.Nd1 Bxf5 46.exf5 Nxd5+ 47.Ke4 
Nxb4 48.Nc3 Nc6 49.Nd5+ Kf7 50.gxf6 gxf6 51.Bh5+ Kg7 52.Nc7 Nxa5 53.Ne8+ 
Kh6 54.Nxf6 Nc6 55.Be8 Nd4 56.Ng4+ Kg7 57.f6+ Kf8 58.f7 Ke7 59.Nf6 Ne6 60.
Nxh7 b5 61.Ng5 Ng7 62.Bc6 Ne6 63.Nxe6 Kxf7 64.Nc7 Kg6 65.Ne8 1-0

[Event "XXV Festival A"]
[Site "Arco ITA"]
[Date "2003.10.19"]
[Round "2"]
[White "Weiland, Guenter"]
[Black "Visser, Eddy"]
[Result "1/2-1/2"]
[WhiteElo "1995"]
[BlackElo "2111"]
[PlyCount "47"]
[EventDate "2003.10.18"]

1.Nf3 d5 2.c4 c6 3.g3 Nf6 4.d4 e6 5.Qc2 Be7 6.Bg2 O-O 7.O-O Nbd7 8.b3 b6 
9.Rd1 Bb7 10.Nbd2 Rc8 11.Bb2 Qc7 12.Rac1 Qb8 13.Qb1 c5 14.cxd5 Bxd5 15.e4 
Bc6 16.Ng5 h6 17.Nh3 cxd4 18.Bxd4 Qb7 19.f3 Bb5 20.Bf1 Bxf1 21.Nxf1 Rxc1 
22.Rxc1 Rc8 23.Nf2 Rxc1 24.Qxc1 1/2-1/2

[Event "XXV Festival A"]
[Site "Arco ITA"]
[Date "2003.10.19"]
[Round "2"]
[White "Weinberg, Emanuele"]
[Black "Lovati, Paolo"]
[Result "0-1"]
[WhiteElo "1939"]
[BlackElo "2089"]
[PlyCount "149"]
[EventDate "2003.10.18"]

1.d4 d6 2.c4 Nd7 3.Nc3 e5 4.d5 Be7 5.e4 Ngf6 6.Be3 O-O 7.f3 c5 8.Bd3 Ne8 
9.Qd2 Rb8 10.Nge2 a6 11.Ng3 g6 12.O-O Ng7 13.Bh6 f6 14.Nce2 Rf7 15.f4 b5 
16.f5 bxc4 17.Bxc4 Nb6 18.b3 Qe8 19.Be3 g5 20.Nc3 Nxc4 21.bxc4 Bd8 22.Rfb1
Rfb7 23.Rxb7 Rxb7 24.Qd3 h5 25.Rb1 Rxb1+ 26.Qxb1 Bc7 27.Qd1 h4 28.Nh1 Bd7 
29.Nf2 Qb8 30.Ng4 Bd8 31.Qb1 Qxb1+ 32.Nxb1 Nh5 33.Bd2 Ba4 34.Ne3 Ng7 35.
Nc3 Be8 36.Ng4 Kf8 37.Nd1 Bd7 38.Nc3 Ne8 39.Nb1 Kg7 40.Bc3 Ba4 41.Ne3 Bb6 
42.Nd2 Nc7 43.Kf2 Na8 44.Nb3 Be8 45.Na5 Bc7 46.Nb7 Bh5 47.h3 Kf8 48.Na5 
Nb6 49.Bd2 Na4 50.Nb7 Nb2 51.Na5 Bxa5 52.Bxa5 Ke7 53.Bd2 Nd3+ 54.Kf1 Nf4 
55.Ba5 Ne2 56.Ke1 Ng3 57.Ng4 Bxg4 58.hxg4 Nxe4 59.Ke2 Kf7 60.Ke3 Ng3 61.
Kf3 Nf1 62.Kf2 Nh2 63.Bc7 Ke7 64.Ba5 Nxg4+ 65.Kf3 Nh6 66.Ke4 g4 67.Be1 g3 
68.Bd2 Ng4 69.Kf3 Nf2 70.Ke2 Ne4 71.Be1 Ng5 72.Ke3 Kf7 73.Ba5 h3 74.gxh3 
Nxh3 75.Kf3 0-1

[Event "XXV Festival A"]
[Site "Arco ITA"]
[Date "2003.10.19"]
[Round "2"]
[White "Wronn, Bernd"]
[Black "Drasko, Milan"]
[Result "1/2-1/2"]
[WhiteElo "2217"]
[BlackElo "2470"]
[PlyCount "80"]
[EventDate "2003.10.18"]

1.Nf3 Nf6 2.c4 e6 3.g3 d5 4.Bg2 dxc4 5.Qa4+ Nbd7 6.Qxc4 c5 7.Qb3 Rb8 8.d3 
Bd6 9.a4 b6 10.Na3 a6 11.O-O O-O 12.Rd1 Bb7 13.Ng5 Bxg2 14.Kxg2 Qc7 15.Nc4
Qc6+ 16.Kg1 Bc7 17.Bd2 h6 18.Nf3 Rfe8 19.Qc2 Rbc8 20.Bc3 b5 21.axb5 axb5 
22.Nce5 Bxe5 23.Nxe5 Nxe5 24.Bxe5 Ng4 25.Bf4 e5 26.Bd2 e4 27.dxe4 Rxe4 28.
Ra6 Qd5 29.Bc3 Qh5 30.h4 Rce8 31.Ra8 Rxe2 32.Qxe2 Rxa8 33.Qe4 Rf8 34.Rd5 
Qg6 35.Qxg6 fxg6 36.Rxc5 Rxf2 37.Rxb5 Rf3 38.Kg2 Rf2+ 39.Kg1 Rf3 40.Kg2 
Rf2+ 1/2-1/2

[Event "XXV Festival A"]
[Site "Arco ITA"]
[Date "2003.10.20"]
[Round "3"]
[White "Allegranti, Luca"]
[Black "Stull, Norbert"]
[Result "1/2-1/2"]
[WhiteElo "1988"]
[BlackElo "2114"]
[PlyCount "31"]
[EventDate "2003.10.18"]

1.d4 Nf6 2.Nf3 g6 3.Bg5 Bg7 4.e3 O-O 5.Bd3 d5 6.Nbd2 Nbd7 7.O-O Re8 8.e4 
dxe4 9.Nxe4 e5 10.Nxf6+ Bxf6 11.Bxf6 Qxf6 12.Re1 Re7 13.Qe2 Qb6 14.c3 e4 
15.Bc4 Nf6 16.h3 1/2-1/2

[Event "XXV Festival A"]
[Site "Arco ITA"]
[Date "2003.10.20"]
[Round "3"]
[White "Antoniacci, Riccardo"]
[Black "Weiland, Guenter"]
[Result "1-0"]
[WhiteElo "2041"]
[BlackElo "1995"]
[PlyCount "83"]
[EventDate "2003.10.18"]

1.e4 g6 2.d4 Bg7 3.Bc4 d6 4.Nc3 c6 5.a4 Nf6 6.Bb3 O-O 7.Bf4 Qa5 8.f3 e5 9.
Be3 Nbd7 10.Ne2 Re8 11.g4 exd4 12.Nxd4 Nd5 13.Bd2 Qd8 14.Nce2 Qh4+ 15.Kf1 
Qh3+ 16.Kf2 Qh4+ 17.Kg2 Nc7 18.Bf4 Be5 19.Qd2 Bxf4 20.Qxf4 Qf6 21.g5 Qxf4 
22.Nxf4 Nc5 23.Bc4 N7e6 24.Ndxe6 Nxe6 25.Nxe6 Bxe6 26.Bd3 d5 27.e5 Kf8 28.
h4 Ke7 29.h5 Bf5 30.hxg6 Bxg6 31.f4 Ke6 32.Rh6 Kd7 33.Rc1 Bxd3 34.cxd3 Rh8
35.Kf3 Rag8 36.Kg4 Rg6 37.Rch1 Rg7 38.f5 Rhg8 39.R1h5 Re8 40.Rxh7 Rxh7 41.
Rxh7 Rxe5 42.g6 1-0

[Event "XXV Festival A"]
[Site "Arco ITA"]
[Date "2003.10.20"]
[Round "3"]
[White "Benaglia, Giovanni"]
[Black "Weinberg, Emanuele"]
[Result "0-1"]
[WhiteElo "2062"]
[BlackElo "1939"]
[PlyCount "68"]
[EventDate "2003.10.18"]

1.Nf3 d5 2.d4 Nf6 3.e3 g6 4.Bd3 Bg7 5.O-O O-O 6.Nbd2 Re8 7.Ne5 Nfd7 8.f4 
Nxe5 9.fxe5 f6 10.c4 c6 11.Nf3 Nd7 12.Qb3 Qb6 13.cxd5 Qxb3 14.axb3 fxe5 
15.dxc6 bxc6 16.Bc4+ e6 17.Nxe5 Nxe5 18.dxe5 Bxe5 19.e4 Bd4+ 20.Kh1 c5 21.
Bb5 Rf8 22.Rxf8+ Kxf8 23.Bc6 Rb8 24.Rxa7 Rb6 25.Rc7 Ba6 26.Bh6+ Kg8 27.Be8
Rb8 28.Bf7+ Kh8 29.Bxe6 Rd8 30.Bd5 Re8 31.g3 Rc8 32.Re7 Bb5 33.e5 Rg8 34.
Bxg8 Bc6+ 0-1

[Event "XXV Festival A"]
[Site "Arco ITA"]
[Date "2003.10.20"]
[Round "3"]
[White "Bondielli, Giorgio"]
[Black "Astengo, Corrado"]
[Result "0-1"]
[WhiteElo "2019"]
[BlackElo "2166"]
[PlyCount "48"]
[EventDate "2003.10.18"]

1.e4 e6 2.d4 d5 3.e5 c5 4.c3 Qb6 5.Nf3 Bd7 6.Bd3 Bb5 7.O-O Nc6 8.Bxb5 Qxb5
9.Na3 Qb6 10.Nc2 Nge7 11.Ne3 cxd4 12.cxd4 Ng6 13.b3 Be7 14.Bb2 O-O 15.g3 
f6 16.h4 fxe5 17.h5 e4 18.hxg6 Rxf3 19.gxh7+ Kh8 20.Kg2 Raf8 21.Qd2 Bg5 
22.Rad1 Qd8 23.Qe2 Bxe3 24.fxe3 Qg5 0-1

[Event "XXV Festival A"]
[Site "Arco ITA"]
[Date "2003.10.20"]
[Round "3"]
[White "Bossoni, Mario"]
[Black "Dalponte, Dino"]
[Result "1/2-1/2"]
[WhiteElo "1966"]
[BlackElo "2134"]
[PlyCount "39"]
[EventDate "2003.10.18"]

1.e4 e6 2.Nf3 Bb4 3.c3 Ba5 4.d4 Ne7 5.Bd3 d6 6.Bg5 f6 7.Be3 Bb6 8.Na3 O-O 
9.Nc4 e5 10.a4 c6 11.Nxb6 axb6 12.dxe5 fxe5 13.Qb3+ Kh8 14.Bxb6 Qe8 15.h3 
Qg6 16.Nh4 Qf6 17.Nf3 Qg6 18.Nh4 Qg5 19.g3 c5 20.Qc2 1/2-1/2

[Event "XXV Festival A"]
[Site "Arco ITA"]
[Date "2003.10.20"]
[Round "3"]
[White "Cardili, Mariano"]
[Black "Cetkovic, Sergio"]
[Result "0-1"]
[WhiteElo "1900"]
[BlackElo "2106"]
[PlyCount "74"]
[EventDate "2003.10.18"]

1.d4 d5 2.c4 c6 3.Nf3 Bf5 4.Nc3 e6 5.e3 Nf6 6.Bd3 Bg6 7.Ne5 Bd6 8.f4 Bxe5 
9.fxe5 Ne4 10.O-O Nxc3 11.bxc3 dxc4 12.Bxc4 Qa5 13.Qb3 b5 14.Bxe6 fxe6 15.
Qxe6+ Kd8 16.e4 Re8 17.Bg5+ Kc7 18.Be7 Kb7 19.d5 Qc7 20.d6 Qd7 21.Qb3 Rxe7
22.dxe7 Qxe7 23.e6 Na6 24.a4 Nc7 25.axb5 cxb5 26.Rfe1 Qxe6 27.Qb4 Re8 28.
e5 Qc4 29.Qd6 Re6 30.Qd7 Qc5+ 31.Qd4 Qxd4+ 32.cxd4 Bd3 33.Kf2 Bc4 34.Ke3 
Rb6 35.Rac1 a5 36.g3 Rc6 37.Kf4 b4 0-1

[Event "XXV Festival A"]
[Site "Arco ITA"]
[Date "2003.10.20"]
[Round "3"]
[White "Castellano, Alfonso"]
[Black "Blasco, Domenico"]
[Result "1/2-1/2"]
[WhiteElo "1854"]
[BlackElo "2040"]
[PlyCount "95"]
[EventDate "2003.10.18"]

1.c4 c5 2.g3 g6 3.Bg2 Bg7 4.Nf3 Nc6 5.O-O e6 6.e4 Nge7 7.Nc3 O-O 8.Ne1 d6 
9.d3 Nd4 10.Be3 Nec6 11.Qd2 a6 12.Rb1 Rb8 13.f4 b5 14.b3 Qa5 15.Qf2 Bd7 
16.g4 b4 17.Nd1 f5 18.exf5 exf5 19.g5 Rfe8 20.Nf3 Nxf3+ 21.Bxf3 Nd4 22.
Bd5+ Be6 23.Bg2 Re7 24.Re1 Rbe8 25.Kf1 Bc8 26.Qd2 Qc7 27.Bd5+ Kh8 28.Rc1 
Bb7 29.Qg2 Bxd5 30.Qxd5 Qc6 31.Qxc6 Nxc6 32.Rc2 Bd4 33.Rce2 Bxe3 34.Rxe3 
Kg7 35.Rxe7+ Rxe7 36.Rxe7+ Nxe7 37.Ne3 Kf7 38.Ke2 Ke6 39.h4 Kd7 40.Kd2 Ke6
41.Ke2 d5 42.Kd2 dxc4 43.dxc4 Kd6 44.Kd3 a5 45.Kd2 Kc6 46.Kd3 Kd6 47.Kd2 
Ke6 48.Kd3 1/2-1/2

[Event "XXV Festival A"]
[Site "Arco ITA"]
[Date "2003.10.20"]
[Round "3"]
[White "Crippa, Gabriele"]
[Black "Medancic, Rikard"]
[Result "0-1"]
[WhiteElo "2129"]
[BlackElo "2275"]
[PlyCount "98"]
[EventDate "2003.10.18"]

1.d4 c5 2.d5 e5 3.e4 d6 4.Bb5+ Nd7 5.a4 Be7 6.Nf3 h6 7.O-O Bg5 8.Nbd2 Bxd2
9.Nxd2 Nf6 10.f4 O-O 11.f5 a6 12.Bd3 Rb8 13.c4 Kh7 14.Ra3 Rh8 15.Qe2 Kg8 
16.g4 Kf8 17.Bc2 Ke7 18.Rf2 Nf8 19.Rg2 Bd7 20.Rh3 N8h7 21.Nf3 b5 22.g5 
Nxg5 23.Nxg5 hxg5 24.Rxh8 Qxh8 25.Rxg5 bxa4 26.Qg2 Kf8 27.Rg3 Rb4 28.Bd3 
Qh5 29.Be2 Qh4 30.Bd3 Rb3 31.Bg5 Qh5 32.Bxf6 gxf6 33.Qd2 Ke7 34.Rg8 Qh7 
35.Rg3 a3 36.bxa3 Rxa3 37.Be2 Rxg3+ 38.hxg3 Qh3 39.Qe3 a5 40.Bf1 Qh5 41.
Be2 Qg5 42.Qc3 a4 43.Kf2 Qg8 44.Bd1 Qb8 45.Qa1 Qb4 46.Qa2 a3 47.Bc2 Ba4 
48.Bd3 Bb3 49.Qe2 a2 0-1

[Event "XXV Festival A"]
[Site "Arco ITA"]
[Date "2003.10.20"]
[Round "3"]
[White "De Santis, Alessio"]
[Black "Molzahn, Norbert"]
[Result "1-0"]
[WhiteElo "2272"]
[BlackElo "2089"]
[PlyCount "45"]
[EventDate "2003.10.18"]

1.d4 Nf6 2.c4 e5 3.dxe5 Ng4 4.e3 Nxe5 5.Nh3 Bb4+ 6.Nd2 d5 7.Qa4+ Nbc6 8.
cxd5 Qxd5 9.Nf4 Qd6 10.a3 Bxd2+ 11.Bxd2 Bd7 12.Rd1 O-O-O 13.Bc3 Qe7 14.Nd5
Qe6 15.Be2 Kb8 16.Qc2 h5 17.O-O h4 18.f4 Qg6 19.Qxg6 Nxg6 20.Bxg7 Rh7 21.
Bf6 Rf8 22.f5 Nh8 23.b4 1-0

[Event "XXV Festival A"]
[Site "Arco ITA"]
[Date "2003.10.20"]
[Round "3"]
[White "Del Nevo, Claudio"]
[Black "Di Lazzaro, Gabriele"]
[Result "1/2-1/2"]
[WhiteElo "1743"]
[BlackElo "2013"]
[PlyCount "113"]
[EventDate "2003.10.18"]

1.d4 d5 2.Nf3 c6 3.c3 Nf6 4.Bg5 Nbd7 5.e3 e6 6.Bd3 Be7 7.Bxf6 Bxf6 8.Qc2 
h6 9.Nbd2 e5 10.dxe5 Nxe5 11.Nxe5 Bxe5 12.Nf3 Bc7 13.Bf5 O-O 14.O-O Qf6 
15.Bxc8 Raxc8 16.Rad1 Rfe8 17.Rd4 Re7 18.Nh4 g6 19.g3 Rce8 20.Rfd1 Kg7 21.
Rg4 Kh7 22.Ng2 Qf3 23.h3 Qf6 24.Rdd4 Be5 25.Rd1 Qe6 26.Kh2 f5 27.Nf4 Bxf4 
28.Rxf4 Rf7 29.c4 dxc4 30.Qxc4 Qxc4 31.Rxc4 Ree7 32.Rcd4 Kg7 33.Kg2 Kf6 
34.h4 Re6 35.Rd6 Re7 36.Kf3 Rxd6 37.Rxd6+ Re6 38.Rd7 Re7 39.Rxe7 Kxe7 40.
Kf4 Kf6 41.e4 fxe4 42.Kxe4 a5 43.g4 b6 44.f4 Ke6 45.h5 gxh5 46.gxh5 a4 47.
b3 axb3 48.axb3 c5 49.f5+ Kf6 50.Kf4 b5 51.Ke4 c4 52.bxc4 bxc4 53.Kd4 Kxf5
54.Kxc4 Kg5 55.Kd3 Kxh5 56.Ke2 Kg4 57.Kf2 1/2-1/2

[Event "XXV Festival A"]
[Site "Arco ITA"]
[Date "2003.10.20"]
[Round "3"]
[White "Dittmar, Peter"]
[Black "Levin, Felix"]
[Result "0-1"]
[WhiteElo "2356"]
[BlackElo "2481"]
[PlyCount "88"]
[EventDate "2003.10.18"]

1.Nf3 Nf6 2.c4 c5 3.e3 g6 4.b3 Bg7 5.Bb2 O-O 6.Be2 b6 7.O-O Bb7 8.d3 d6 9.
Nbd2 e5 10.Qc2 Qe7 11.Rfe1 Nh5 12.Ne4 f5 13.Nc3 g5 14.Nd2 g4 15.Nd5 Qf7 
16.Nf1 Nf6 17.Nxf6+ Qxf6 18.Ng3 Qg5 19.Bf1 Nc6 20.e4 f4 21.Nf5 Rad8 22.Qd1
Bc8 23.Nxg7 Kxg7 24.f3 Rf6 25.Be2 g3 26.Bf1 Ne7 27.h3 Ng6 28.Re2 Nh4 29.
Rd2 Rg6 30.Qe2 Qh5 31.Qd1 Kf7 32.Rc1 Bxh3 33.gxh3 g2 34.Rxg2 Nxg2 35.Bxg2 
Rdg8 36.Rc2 Qxh3 37.Qf1 Rh6 38.Kf2 Qg3+ 39.Kg1 Qh4 40.Rd2 Qh1+ 41.Kf2 
Rxg2+ 42.Qxg2 Rh2 43.Qxh2 Qxh2+ 44.Ke1 Qg1+ 0-1

[Event "XXV Festival A"]
[Site "Arco ITA"]
[Date "2003.10.20"]
[Round "3"]
[White "Drasko, Milan"]
[Black "Popa, Claudiu"]
[Result "1-0"]
[WhiteElo "2470"]
[BlackElo "2175"]
[PlyCount "111"]
[EventDate "2003.10.18"]

1.Nf3 Nf6 2.g3 g6 3.Bg2 Bg7 4.d4 d5 5.O-O O-O 6.c4 c6 7.cxd5 cxd5 8.Ne5 e6
9.Nc3 b6 10.Bg5 h6 11.Be3 Bb7 12.Qd2 Kh7 13.Rac1 Nbd7 14.f4 Ne8 15.Qd3 f5 
16.Rc2 Nd6 17.Rfc1 Rc8 18.Nd1 Nxe5 19.dxe5 Ne4 20.Rxc8 Bxc8 21.Nf2 Nxf2 
22.Bxf2 Qe7 23.Rc3 Rd8 24.Bd4 Bf8 25.a3 Bb7 26.Qc2 Ba6 27.Bf3 Bc4 28.Kg2 
h5 29.h3 Kh6 30.g4 Bg7 31.Qa4 Qd7 32.Qxd7 Rxd7 33.b3 Ba6 34.Rc6 Re7 35.Bf2
Bb7 36.Rd6 hxg4 37.hxg4 Bc8 38.gxf5 gxf5 39.Bxd5 Kh7 40.Bc4 Bh6 41.Bg3 Re8
42.b4 Bf8 43.Rd1 Be7 44.Kf2 Kg7 45.Bb5 Rd8 46.Rc1 a6 47.Ba4 b5 48.Bb3 Re8 
49.Rc7 Kg6 50.Kf3 Kh5 51.Bf2 Bf8 52.Bc2 Rd8 53.e4 fxe4+ 54.Bxe4 Bd7 55.Bb6
Bh6 56.Rc1 1-0

[Event "XXV Festival A"]
[Site "Arco ITA"]
[Date "2003.10.20"]
[Round "3"]
[White "Isonzo, David"]
[Black "Vink, Wim"]
[Result "1-0"]
[WhiteElo "2349"]
[BlackElo "2142"]
[PlyCount "69"]
[EventDate "2003.10.18"]

1.e4 e5 2.Nf3 Nc6 3.Bb5 a6 4.Bxc6 dxc6 5.O-O f6 6.d4 exd4 7.Nxd4 Bd6 8.
Qh5+ g6 9.Qf3 Qe7 10.Bf4 Bd7 11.Nc3 O-O-O 12.Rfe1 h5 13.Nb3 g5 14.Bxd6 
cxd6 15.Qe3 Be6 16.Qa7 Bxb3 17.cxb3 Qc7 18.Rac1 Qb8 19.Qd4 Qc7 20.Nd5 Qb8 
21.Re3 Rh6 22.Rec3 Kd7 23.Ne3 Ne7 24.Qc4 Rh7 25.Rd3 b5 26.Qd4 Rf7 27.Re1 
Kc7 28.Nf5 Nc8 29.Rc3 Qb7 30.Rec1 Na7 31.Qd1 h4 32.Nd4 Rc8 33.Nxc6 Kd7 34.
Qd5 Rxc6 35.Qxf7+ 1-0

[Event "XXV Festival A"]
[Site "Arco ITA"]
[Date "2003.10.20"]
[Round "3"]
[White "Karpatchev, Aleksandr"]
[Black "Korneev, Oleg"]
[Result "0-1"]
[WhiteElo "2459"]
[BlackElo "2559"]
[PlyCount "90"]
[EventDate "2003.10.18"]

1.e4 e5 2.Nf3 Nc6 3.d4 exd4 4.Bc4 Bc5 5.c3 Nf6 6.cxd4 Bb4+ 7.Bd2 Bxd2+ 8.
Nbxd2 d5 9.exd5 Nxd5 10.O-O O-O 11.Ne5 Nxe5 12.dxe5 Nf4 13.Nf3 Bg4 14.Qb3 
b5 15.Rfd1 Qc8 16.Bf1 Qf5 17.Rd2 a6 18.Re1 c5 19.Qe3 Nh3+ 20.Kh1 Bxf3 21.
gxf3 Ng5 22.f4 Ne6 23.Bg2 Rad8 24.Bd5 Qxf4 25.Qxf4 Nxf4 26.Red1 Rd7 27.e6 
Nxe6 28.Bxe6 Rxd2 29.Bxf7+ Kxf7 30.Rxd2 Ke6 31.Kg2 Rf4 32.Rd8 a5 33.Rb8 
Rb4 34.b3 c4 35.Ra8 a4 36.bxc4 Rxc4 37.Kf3 Kd5 38.Rd8+ Kc5 39.Ke3 Kb4 40.
Rd2 Ka3 41.Kd3 Rc7 42.Re2 b4 43.f4 Rc3+ 44.Kd4 Rf3 45.Ke4 Rf1 0-1

[Event "XXV Festival A"]
[Site "Arco ITA"]
[Date "2003.10.20"]
[Round "3"]
[White "Kort, Jacob"]
[Black "Astengo, Marcello"]
[Result "1-0"]
[WhiteElo "2224"]
[BlackElo "2066"]
[PlyCount "58"]
[EventDate "2003.10.18"]

1.d4 d5 2.c4 c6 3.e3 Nf6 4.Nc3 e6 5.Nf3 Nbd7 6.Be2 dxc4 7.a4 Bb4 8.Bxc4 
Qa5 9.Bd2 Nb6 10.Bd3 Nbd5 11.Qc2 Bd7 12.O-O Rc8 13.e4 Ne7 14.e5 Nfd5 15.
Ne4 Rb8 16.Nd6+ Kf8 17.Bxh7 Bxd2 18.Nxd2 g6 19.Bxg6 Nxg6 20.N2e4 Qd8 21.
Ra3 Qh4 22.Rh3 Qf4 23.Rg3 Be8 24.Nc5 Ke7 25.Rd1 b6 26.Nce4 c5 27.dxc5 Nxe5
28.cxb6 Rxb6 29.Nc8+ Kf8 1-0

[Event "XXV Festival A"]
[Site "Arco ITA"]
[Date "2003.10.20"]
[Round "3"]
[White "Lovati, Paolo"]
[Black "Happel, Hendrik A."]
[Result "0-1"]
[WhiteElo "2089"]
[BlackElo "2237"]
[PlyCount "88"]
[EventDate "2003.10.18"]

1.c4 Nf6 2.g3 e6 3.Bg2 d5 4.Nf3 Be7 5.O-O O-O 6.b3 b6 7.Bb2 Bb7 8.d3 c5 9.
cxd5 Nxd5 10.Nbd2 Nc6 11.a3 Rc8 12.Nc4 Rc7 13.Rc1 Qa8 14.e4 Nf6 15.Nfe5 
Rd8 16.Nxc6 Bxc6 17.Qe2 Nd7 18.f4 Bf6 19.Bxf6 Nxf6 20.f5 Qc8 21.Bh3 Qd7 
22.fxe6 fxe6 23.Rcd1 Qd4+ 24.Qf2 Re7 25.Qxd4 Rxd4 26.Ne5 Be8 27.Rc1 Bb5 
28.Rc3 Nd7 29.Nxd7 Rdxd7 30.Rd1 Kf7 31.b4 cxb4 32.axb4 Rd4 33.Kf2 Rxb4 34.
Rc8 Rb2+ 35.Ke3 Rxh2 36.Rf1+ Kg6 37.Bg4 h5 38.Be2 Rh3 39.Rf3 Kg5 40.d4 
Bxe2 41.Kxe2 Kg4 42.Rcc3 g5 43.Kf2 Rh2+ 44.Kg1 Rd2 0-1

[Event "XXV Festival A"]
[Site "Arco ITA"]
[Date "2003.10.20"]
[Round "3"]
[White "Luciani, Carlo"]
[Black "Agostini, Guillermo"]
[Result "1-0"]
[WhiteElo "2233"]
[BlackElo "1822"]
[PlyCount "107"]
[EventDate "2003.10.18"]

1.e4 d6 2.d4 g6 3.Nc3 Bg7 4.Be3 Nf6 5.f3 Na6 6.Qd2 h5 7.h4 c6 8.Nh3 Qc7 9.
Ng5 b5 10.a3 Rb8 11.Rd1 Bd7 12.a4 Nb4 13.axb5 cxb5 14.Be2 Nxc2+ 15.Qxc2 b4
16.O-O bxc3 17.bxc3 O-O 18.c4 a5 19.Rc1 Rfc8 20.c5 dxc5 21.Qa2 e6 22.Ba6 
Qa7 23.Bxc8 cxd4 24.Bf2 Bxc8 25.Bg3 d3+ 26.Kh1 Ra8 27.Rc7 Qe3 28.Re1 Qd4 
29.Nxf7 Ne8 30.Rc4 Qb2 31.Qxb2 Bxb2 32.Be5 d2 33.Rg1 Bc1 34.Ng5 a4 35.f4 
a3 36.Rgxc1 dxc1=Q+ 37.Rxc1 a2 38.Kh2 Nd6 39.Ba1 Bb7 40.Rc7 Ra4 41.Rg7+ 
Kf8 42.Nxe6+ Ke8 43.Nc5 Rxe4 44.Nxb7 Nxb7 45.Rxb7 Re1 46.Bh8 a1=Q 47.Bxa1 
Rxa1 48.Rg7 Ra6 49.f5 Kf8 50.Rxg6 Rxg6 51.fxg6 Kg7 52.Kg3 Kxg6 53.Kf4 Kf6 
54.g3 1-0

[Event "XXV Festival A"]
[Site "Arco ITA"]
[Date "2003.10.20"]
[Round "3"]
[White "Miatello, Alberto"]
[Black "Tocco, Paolo"]
[Result "1-0"]
[WhiteElo "2046"]
[BlackElo "2156"]
[PlyCount "79"]
[EventDate "2003.10.18"]

1.e4 e5 2.Nf3 Nc6 3.Be2 f5 4.d4 exd4 5.Nxd4 fxe4 6.Nxc6 bxc6 7.Qd4 Nf6 8.
Bg5 Be7 9.Bxf6 Bxf6 10.Qxe4+ Kf7 11.Qf3 Re8 12.O-O Rxe2 13.Qxe2 Bxb2 14.
Qc4+ d5 15.Qxc6 Rb8 16.Nd2 Rb6 17.Qa4 Bxa1 18.Rxa1 Ra6 19.Qf4+ Kg8 20.Nb3 
Qe7 21.a4 Rc6 22.Qd2 Qf7 23.Re1 Re6 24.Rb1 Rg6 25.Nd4 Rb6 26.Re1 h6 27.a5 
Rg6 28.Qb4 Bh3 29.g3 Kh7 30.Re3 Rf6 31.f3 h5 32.Qc5 h4 33.Qxa7 hxg3 34.
hxg3 Qg6 35.Qxc7 Rf7 36.Qe5 Rb7 37.Kf2 Rb1 38.Re1 Rb4 39.Rh1 Qh6 40.Qe3 
1-0

[Event "XXV Festival A"]
[Site "Arco ITA"]
[Date "2003.10.20"]
[Round "3"]
[White "Proietti, Giorgio"]
[Black "Rossi, Giampiero"]
[Result "0-1"]
[WhiteElo "1891"]
[BlackElo "2040"]
[PlyCount "112"]
[EventDate "2003.10.18"]

1.d4 d5 2.c4 e6 3.Nc3 c6 4.e4 dxe4 5.Nxe4 Nf6 6.Nxf6+ Qxf6 7.Nf3 Bb4+ 8.
Bd2 Bxd2+ 9.Qxd2 O-O 10.Rd1 Nd7 11.Be2 b6 12.O-O Bb7 13.Rfe1 Rfd8 14.Qc2 
c5 15.b3 cxd4 16.Nxd4 a6 17.Bf3 Bxf3 18.Nxf3 Nf8 19.h3 Rxd1 20.Rxd1 Rd8 
21.Rd2 h6 22.Qd1 Rxd2 23.Qxd2 e5 24.Qd5 Ng6 25.g3 a5 26.Kg2 Kh7 27.c5 bxc5
28.Qxc5 e4 29.Nd2 Qd8 30.Nxe4 Ne7 31.Qd6 Qxd6 32.Nxd6 Kg6 33.Nc4 Nc6 34.
Kf3 Kf5 35.Ke3 Ke6 36.Ke4 f5+ 37.Ke3 g6 38.f4 Kd5 39.Nb2 Nb4 40.a4 Nc2+ 
41.Kd3 Nd4 42.b4 axb4 43.Ke3 Nc6 44.Kd3 Na5 45.g4 Nb3 46.gxf5 gxf5 47.Ke3 
Kc5 48.Kd3 Nd4 49.Ke3 Ne6 50.Nd3+ Kc4 51.a5 Nc7 52.a6 Nxa6 53.h4 b3 54.Kd2
Nb4 55.Ne5+ Kd4 56.Kc1 Nd3+ 0-1

[Event "XXV Festival A"]
[Site "Arco ITA"]
[Date "2003.10.20"]
[Round "3"]
[White "Rahls, Peter"]
[Black "Ortega, Lexy"]
[Result "1/2-1/2"]
[WhiteElo "2341"]
[BlackElo "2462"]
[PlyCount "138"]
[EventDate "2003.10.18"]

1.e4 c5 2.c3 Nf6 3.e5 Nd5 4.d4 cxd4 5.cxd4 d6 6.Nf3 e6 7.Bc4 Bd7 8.O-O Bc6
9.Nc3 Nxc3 10.bxc3 Qa5 11.Bd2 Nd7 12.Re1 d5 13.Bd3 Qa4 14.Bc2 Qa6 15.Ng5 
Be7 16.Qh5 Bxg5 17.Qxg5 g6 18.a4 h6 19.Qh4 Qa5 20.Qf4 g5 21.Qf3 Qd8 22.a5 
a6 23.Qh5 Qe7 24.Bc1 O-O-O 25.Ba3 Qe8 26.Bd3 Nf8 27.Reb1 Ng6 28.Qd1 Nf4 
29.Bf1 f6 30.exf6 Qg6 31.Rb6 Kd7 32.Rab1 Rb8 33.Be7 g4 34.g3 Nh3+ 35.Bxh3 
gxh3 36.Qf3 Qe4 37.Qxe4 dxe4 38.Ba3 Rh7 39.c4 h5 40.d5 exd5 41.cxd5 Bb5 
42.Rd6+ Ke8 43.Re6+ Kd7 44.Rd6+ Ke8 45.Re1 Bd3 46.Rc1 Rd8 47.Re6+ Kd7 48.
Be7 Rb8 49.Ba3 Rd8 50.Rc3 Bb5 51.Rxe4 Re8 52.Re7+ Rhxe7 53.fxe7 Rg8 54.f4 
h4 55.Re3 hxg3 56.hxg3 Ke8 57.Kh2 Bd7 58.Rb3 Bc8 59.Rb6 Kf7 60.Rb2 Bg4 61.
Rc2 Rc8 62.Rxc8 Bxc8 63.d6 Bg4 64.Bb2 Ke8 65.Be5 Kd7 66.Kg1 Ke8 67.Bd4 Kd7
68.Kf1 Be2+ 69.Kg1 Bg4 1/2-1/2

[Event "XXV Festival A"]
[Site "Arco ITA"]
[Date "2003.10.20"]
[Round "3"]
[White "Rotstein, Arkadij"]
[Black "Ivanov, Mikhail M."]
[Result "1/2-1/2"]
[WhiteElo "2533"]
[BlackElo "2425"]
[PlyCount "28"]
[EventDate "2003.10.18"]

1.d4 Nf6 2.c4 c6 3.Nf3 d5 4.Nc3 dxc4 5.a4 Bf5 6.e3 e6 7.Bxc4 Nbd7 8.a5 Bb4
9.Qa4 Qe7 10.O-O O-O 11.Be2 Rad8 12.a6 b5 13.Qb3 Bd6 14.Re1 Bb4 1/2-1/2

[Event "XXV Festival A"]
[Site "Arco ITA"]
[Date "2003.10.20"]
[Round "3"]
[White "Sautto, Alessandra"]
[Black "Casagrande, Fabio"]
[Result "1/2-1/2"]
[WhiteElo "1964"]
[BlackElo "2042"]
[PlyCount "59"]
[EventDate "2003.10.18"]

1.d4 Nf6 2.Nf3 e6 3.e3 b6 4.Bd3 Bb7 5.Nbd2 d5 6.b3 Be7 7.Bb2 O-O 8.O-O 
Nbd7 9.c4 c5 10.Rc1 Ne4 11.cxd5 exd5 12.Ne5 Nxe5 13.dxe5 f5 14.exf6 Bxf6 
15.Bxf6 Qxf6 16.Nxe4 dxe4 17.Bc4+ Kh8 18.Qc2 Rad8 19.Rcd1 a6 20.a4 h6 21.
Rxd8 Rxd8 22.Rd1 Rd6 23.Qe2 a5 24.Rxd6 Qxd6 25.Qc2 Qe5 26.Qd1 Qe7 27.Qd2 
Qf6 28.h3 Qa1+ 29.Kh2 Qe5+ 30.Kg1 1/2-1/2

[Event "XXV Festival A"]
[Site "Arco ITA"]
[Date "2003.10.20"]
[Round "3"]
[White "Slobodjan, Roman"]
[Black "Di Paolo, Raffaele"]
[Result "1-0"]
[WhiteElo "2513"]
[BlackElo "2325"]
[PlyCount "87"]
[EventDate "2003.10.18"]

1.e4 c5 2.Nc3 Nc6 3.f4 e6 4.Nf3 d6 5.d4 cxd4 6.Nxd4 Nf6 7.Be2 Be7 8.Be3 
O-O 9.O-O e5 10.Nxc6 bxc6 11.Kh1 exf4 12.Bxf4 d5 13.exd5 cxd5 14.Qd3 Be6 
15.Rad1 Qd7 16.Be5 Rfd8 17.Qg3 Bd6 18.Nxd5 Bxd5 19.Rxd5 Bxe5 20.Rxe5 Qd6 
21.Bd3 Rab8 22.b3 Rb4 23.Rg5 Qxg3 24.Rxg3 Kf8 25.Kg1 Rbd4 26.Rgf3 R8d7 27.
Rf4 R4d6 28.a4 h6 29.a5 Re7 30.b4 Nd7 31.Rb1 Ne5 32.Bf1 g5 33.Rf2 Nc6 34.
c4 Rb7 35.b5 Nxa5 36.Ra2 Nxc4 37.Bxc4 a6 38.b6 Rbxb6 39.Rxb6 Rxb6 40.Rxa6 
Rb4 41.Rc6 Ke7 42.Be2 Rh4 43.g3 Re4 44.Bh5 1-0